000 01809nam a2200493 i 4500
001 11930
003 KOSZ 005
005 20200508102703.0
008 071031s1967 pl a f |000 0 pol
015 _aUWD 1967/2741
035 _a991037923909705066
035 _a(PL-WaBN)b2016239x-48omnis_nlop
035 _ab2016239x
035 _a(OCoLC)802772498
035 _a(PL)b0000002016239
035 _a(EXLNZ-48OMNIS_NETWORK)9910274459005606
040 _aWA N
_cWA N
_dWA N
_dKOSZ 005/HR
046 _k1967
080 _a624.01/.07:531
080 _a517.97
100 1 _aKozłowski, Tadeusz
_c(budownictwo)
_eAutor
245 1 0 _aZastosowanie rachunku wariacyjnego do zagadnień mechaniki budowli /
_cTadeusz Kożłowski, Stefan Piechnik, Zbyszko Stojek.
260 _aWarszawa :
_bWydawnictwo Czasopism Technicznych Naczelnej Organizacji Technicznej :
_b"Arkady",
_c1967.
300 _a123, [1] s. :
_bil., err. ;
_c23 cm.
336 _aTekst
_btxt
_2rdacontent
337 _aBez urządzenia pośredniczącego
_bn
_2rdamedia
338 _aWolumin
_bnc
_2rdacarrier
380 _aKsiążki
388 _a1901-2000
388 _a1945-1989
490 1 _aBiblioteka Inżynierii i Budownictwa ;
_v13
504 _aBibliogr.
650 7 _aMechanika budowli
_2DBN
650 7 _aRachunek wariacyjny
_2DBN
650 7 _aBudownictwo
658 _aArchitektura i budownictwo
700 1 _aPiechnik, Stefan
_d(1930- )
_eAutor
700 1 _aStojek, Zbyszko
_d(1929-2008)
_eAutor
710 2 _aWydawnictwo Arkady
_4pbl
830 0 _aBIB Biblioteka Inżynierii i Budownictwa ;
_v13.
856 _uhttp://koha.tu.koszalin.pl/cgi-bin/koha/opac-detail.pl?biblionumber=11930
_zKatalog online BPK
942 _2UKD
_cKS
999 _c11930
_d11930